<?xml version="1.0" encoding="UTF-8"?><?xml-stylesheet type="text/xsl" href="static/style.xsl"?><OAI-PMH xmlns="http://www.openarchives.org/OAI/2.0/" xmlns:xsi="http://www.w3.org/2001/XMLSchema-instance" xsi:schemaLocation="http://www.openarchives.org/OAI/2.0/ http://www.openarchives.org/OAI/2.0/OAI-PMH.xsd"><responseDate>2026-04-18T06:06:40Z</responseDate><request verb="GetRecord" identifier="oai:www.recercat.cat:2445/221325" metadataPrefix="marc">https://recercat.cat/oai/request</request><GetRecord><record><header><identifier>oai:recercat.cat:2445/221325</identifier><datestamp>2025-12-05T16:14:56Z</datestamp><setSpec>com_2072_1057</setSpec><setSpec>col_2072_478823</setSpec><setSpec>col_2072_478904</setSpec><setSpec>col_2072_478917</setSpec></header><metadata><record xmlns="http://www.loc.gov/MARC21/slim" xmlns:dcterms="http://purl.org/dc/terms/" xmlns:xsi="http://www.w3.org/2001/XMLSchema-instance" xmlns:doc="http://www.lyncode.com/xoai" xsi:schemaLocation="http://www.loc.gov/MARC21/slim http://www.loc.gov/standards/marcxml/schema/MARC21slim.xsd">
   <leader>00925njm 22002777a 4500</leader>
   <datafield ind2=" " ind1=" " tag="042">
      <subfield code="a">dc</subfield>
   </datafield>
   <datafield ind2=" " ind1=" " tag="720">
      <subfield code="a">Salvador Solé, Eduard</subfield>
      <subfield code="e">author</subfield>
   </datafield>
   <datafield ind2=" " ind1=" " tag="720">
      <subfield code="a">Manrique Oliva, Alberto</subfield>
      <subfield code="e">author</subfield>
   </datafield>
   <datafield ind2=" " ind1=" " tag="720">
      <subfield code="a">Agulló, Eduard</subfield>
      <subfield code="e">author</subfield>
   </datafield>
   <datafield ind2=" " ind1=" " tag="260">
      <subfield code="c">2025-06-02T17:10:27Z</subfield>
   </datafield>
   <datafield ind2=" " ind1=" " tag="260">
      <subfield code="c">2025-06-02T17:10:27Z</subfield>
   </datafield>
   <datafield ind2=" " ind1=" " tag="260">
      <subfield code="c">2024-11-13</subfield>
   </datafield>
   <datafield ind2=" " ind1=" " tag="260">
      <subfield code="c">2025-06-02T17:10:27Z</subfield>
   </datafield>
   <datafield ind2=" " ind1=" " tag="520">
      <subfield code="a">The clustering of dark matter halos depends not only on their mass, the so-called primary bias, but also on theirinternal properties, the so-called secondary bias. While the former effect is well understood within the Press–Schechter and excursion set models of structure formation, the latter is not. In those models, protohalos are fullycharacterized by their height and scale, which determine the halo mass and collapse time, so there is no room forany other halo property. This is why the secondary bias was believed not to be innate but due to the distinct mergerrate of halos lying in different backgrounds, and dubbed assembly bias. However, it has now been determined thatmergers leave no imprint in the inner halo properties. In fact, the innate origin of the secondary bias cannot bediscarded because, in the more realistic peak model of structure formation, halo seeds are characterized by oneadditional property: the peak curvature. Here, we use the confluent system of peak trajectory formalism to showthat peaks lying in different backgrounds have different mean curvatures, which in turn cause them to evolve intohalos with different typical inner properties. The dependence we find of the properties on halo background (or haloclustering) reproduces the results of simulations.</subfield>
   </datafield>
   <datafield tag="653" ind2=" " ind1=" ">
      <subfield code="a">Cosmologia</subfield>
   </datafield>
   <datafield tag="653" ind2=" " ind1=" ">
      <subfield code="a">Matèria fosca (Astronomia)</subfield>
   </datafield>
   <datafield tag="653" ind2=" " ind1=" ">
      <subfield code="a">Cosmology</subfield>
   </datafield>
   <datafield tag="653" ind2=" " ind1=" ">
      <subfield code="a">Dark matter (Astronomy)</subfield>
   </datafield>
   <datafield ind2="0" ind1="0" tag="245">
      <subfield code="a">Origin and full characterization of the secondary (assembly) halo bias</subfield>
   </datafield>
</record></metadata></record></GetRecord></OAI-PMH>